Histoire de la Bière - Statistiques

Statistiques générales
  • Ce quiz a été pris 15 fois
    11 depuis la dernière actualisation
  • Le résultat moyen est 6 sur 15
Statistiques - réponses
Hint Réponse % Correct
Quelle bière originaire d'Irlande est connue pour être l'une des seules dont les bulles descendent ? La Guinness
78%
Quelle type de bière est créé au cours du XVIIIe siècle pour résister au long voyage entre l'Europe et les Indes ? IPA | Indian Pale Ale
67%
Quelle bière d'origine alsacienne porte son nom en hommage à la date d'ouverture de la brasserie "Kronenbourg" ? La 1664
67%
Quelle est le nom de la boisson créée par les Romains faisant référence à la déesse des moissons Céres qui se diffuse dans l'ensemble de l'empire ? La Cervoise
67%
Inventée à Pilsen en 1860, quelle est le nom du type de bière le plus diffusé dans le monde au XIXe siècle ? La Pils
67%
Quel ingrédient les moines des abbayes introduisent ils vers l'an 1000, jouant notamment sur l'amertume du breuvage ? Le Houblon
67%
Détruite à de nombreuses reprises, l'abbaye Grimbergen adopte en 1629 un symbole et une devise: "Ardet Nec Consumitur". Quel est ce symbole ? Le Phoenix
44%
Dans quel pays consomme-t-on le plus de bière par habitant aujourd'hui ? République Tchèque | Tchéquie
44%
Dans les canettes de cette même bière, on trouve une bille le "floating widget". Que trouve-t-on dans cette bille ? Azote
33%
Dans quel pays est-européen étaient importées les "Imperial Porters" plus alcoolisées et maltées que les Porters traditionnelles ? Russie
33%
Citer un chercheur ayant travaillé à la brasserie Carlsberg sur la fermentation des levures, ayant permis le développement des "Lager" Louis Pasteur | Emil Christian Hansen
22%
Dans quelle ville chinoise des colons allemands fondent en 1903 une brasserie récupéré par les chinois après la Seconde Guerre mondiale qui créeront la "Tsingtao" ? Qingdao
22%
Créée "par accident" en Mésopotamie, à quand date-on l'existence de cette "Sikaru" (pain liquide) ? -4000
0%
Pendant la Seconde Guerre mondiale, où est-ce que soldats de la RAF stockaient leur "beer bomb" pour livrer de l'alcool sur le front ? Réservoirs d'essence
0%
En quel siècle le mot "bierre" apparaît il pour la première fois dans la langue française (Edit de Philippe III de Bourgogne) ? XVeme | 1435
0%
Aucun quiz correspondant
Distribution des résultats
% des personnes avec chaque résultat
Percentile par nombre de réponses
Votre historique - résultats
Vous n’avez pas pris ce quiz depuis la dernière actualisation